000 00659nam a2200253Ia 4500
003 OSt
005 20221007111059.0
006 a|||||r|||| 00| 0
007 ta
008 221006b |||||||| |||| 00| 0 eng d
024 _a22,517
037 _cTextual
040 _aLCO
_cLCO
_beng
041 _2eng
_aeng
082 _aX724:(Z), L6
100 _aLakhotia Ram Niwas
245 0 _aLaw and Practice of Income Tax in India
250 _a2nd
260 _aCalcutta
_bAsha Publishing House India
_c1976
300 _a673
650 _aINCOME TAX
942 _hX724:(Z), L6
_cTEXL
999 _c1192080
_d1192080